| 000 | 00357 a2200109 4500 | ||
|---|---|---|---|
| 001 | ART_37110 | ||
| 005 | 20260410161841.0 | ||
| 008 | 260409a | ||
| 245 | 1 | 0 | _aLos fondos fiduciarios públicos |
| 100 | 1 | _aBarra, Rodolfo Carlos | |
| 773 | 0 |
_tRAP _gInfraestructura pública y participación privada - Año 38, Nº 449 (feb. 2016) _wREV5941 |
|
| 999 |
_c24091 _d24091 |
||